| 000 | 01162cam a22003375i 4500 | ||
|---|---|---|---|
| 001 | 21923330 | ||
| 003 | NUST | ||
| 005 | 20220825104839.0 | ||
| 008 | 210303s2021 nyu 000 0 eng | ||
| 010 | _a 2021934375 | ||
| 020 |
_a9780374603663 _q(hardcover) |
||
| 038 | _aAzhar | ||
| 040 |
_aDLC _beng _erda _cDLC |
||
| 042 | _apcc | ||
| 082 |
_a973.933 _bPAC |
||
| 100 | 1 |
_aPacker, George, _d1960- _eauthor. _993783 |
|
| 245 | 1 | 0 |
_aLast best hope : _bAmerica in crisis and renewal _cGeorge Packer. |
| 250 | _aFirst. | ||
| 260 |
_aNew York : _bFarrar, Straus and Giroux, _c2021 |
||
| 263 | _a1111 | ||
| 264 | 1 | _c2021. | |
| 300 | _apages cm | ||
| 336 |
_atext _btxt _2rdacontent |
||
| 337 |
_aunmediated _bn _2rdamedia |
||
| 338 |
_avolume _bnc _2rdacarrier |
||
| 520 |
_a"Acclaimed National Book Award-winning author George Packer diagnoses America's descent into a failed state and envisions a path toward overcoming our injustices, paralyzes, and divides"-- _cProvided by publisher. |
||
| 563 | _aHB | ||
| 906 |
_a0 _bibc _corignew _d2 _eepcn _f20 _gy-gencatlg |
||
| 942 |
_2ddc _cLC |
||
| 999 |
_c590351 _d590351 |
||